000 00674nam a22002177a 4500
003 OSt
005 20161010173719.0
008 161010b xxu||||| |||| 00| 0 eng d
020 _a9780415658232
040 _cDDC
082 _a338.9 NOR 2015
100 _aNorton, George W.; Alwang, Jeffrey; Masters, William A.
_911169
245 _aEcomics of Agricultural Development: world food systems and resource use
250 _a3rd ed.
260 _aLondon; Routledge, 2015
300 _aix,466p;ill: 24cm
504 _aGlossary, references, & index included
650 _aAgricultural development
_911170
650 _aAgriculture development
_911171
942 _2z
_cB_BANK
999 _c5329
_d5329